000 00996nac a22002051u 4500
008 100725s2005 ua||||||r||| 000 0 ra d
020 _a9770912980
082 _a297.272
_bف ض ل
_222
100 _aأبو الفضل، خالد
_916658
245 _aالاسلام وتحدي الديمقراطية/
_cخالد أبو الفضل ...[الخ] ; ترجمة قاسم عبده قاسم
260 _aالقاهرة:
_bمكتبة الشروق الدولية ، 2005
_c2005.
300 _a147 ص;
_c20سم
504 _aيحتوي على ارجاعات ببليوجرافية وكشاف
511 _aCatalogued by: Sara
541 _aألف باء ;
650 _aالاسلام والديمقراطية
_916660
700 _aقاسم ، عبده قاسم
_916169
942 _cBB
_k297.272 ف ض ل
_2ddc
999 _c5965
_d5965